000 00835nam a2200229 i 4500
001 47488
003 ES-MaACL
005 20230906161555.0
007 t|
008 030429s2002 sp ||||0| spa j
020 _a84-921896-4-9
040 _aM-BN
_bspa
_cM-BN
080 _a336.1.078.3(460)(091)
100 1 _aManteca Valdelande, Víctor.
_976145
245 1 0 _aFormación del control externo del sector público en la España contemporánea
_b: el Tribunal de Cuentas, origen y evolución /
_cVíctor Manteca Valdelande.
260 _aValència :
_bSindicatura de Comptes,
_c[2002]
300 _a382 p. ;
_c24 cm.
500 _a"Premis d'investigació Mestre Racional"--Cub.
504 _aBibliografía: p. [337]-382.
610 1 _aEspaña.
_bTribunal de Cuentas-
_vHistoria.
_94003
852 _aES-MaACL
_jL-26268
_bR.131704
999 _c47488
_d47488